000 00826nam a2200253Ia 4500
003 OSt
005 20220923212339.0
006 a|||||r|||| 00| 0
007 ta
008 220922b |||||||| |||| 00| 0 hin d
024 _a152,295
037 _cTextual
040 _aARTS
_cARTS
_bhin
041 _2hin
_ahin
082 _aO111,6N05x, 152J8
100 _aकोएस्लर, आर्थर
_9156369
245 0 _aयोगी और अधिकारी
246 _aYogī aur adhikārī
260 _aबम्बई
_b पर्ल पब्लिकेशन्स
_c1958
300 _a256 पृ.
_ccm.
650 _aअंग्रेजी साहित्य
_9156276
942 _hO111,6N05x, 152J8
_cTEXL
_2CC
999 _c307944
_d307944